00539nam a2200133Ia 4500008004100000100001600041245005100057245010300108260000900211650002000220856007300240999001900313952007300332160216s9999 xx 000 0 und d aKramp, Leif aMedia practice and everyday agency in Europe / cLeif Kramp, N. Carpentier, A. Hepp, I.T. Trivundža, H. Nieminen, R. Kunelius, R. (Eds.) Kilborn. c2014 xMedia - Europe. uhttp://media.wix.com/ugd/f47560_86265b1a6f5f4184be988202f9cfc7ce.pdf c290613d290613 001040aCLbCLd2016-02-16l0r2016-02-16 00:00:00w2016-02-16yCBE